[Event "Mazowieckie-chT 0405"]
[Site "Poland"]
[Date "2005.02.06"]
[Round "9"]
[White "Zbrzezny, Aleksander"]
[Black "Galazka, Marek"]
[Result "1-0"]
[WhiteElo "2056"]
[BlackElo "2000"]
[PlyCount "91"]
[EventDate "2004.10.03"]
[EventType "team-tourn"]
[EventRounds "10"]
[EventCountry "POL"]
[SourceTitle "EXT 2019"]
[Source "ChessBase"]
[SourceDate "2018.10.10"]
[SourceVersion "1"]
[SourceVersionDate "2018.10.10"]
[SourceQuality "1"]

1. d4 d5 2. c4 e6 3. Nc3 Nf6 4. Nf3 Nbd7 5. Bg5 c6 6. e3 Qa5 7. Nd2 Bb4 8. Bxf6 Nxf6 9. Qc2 0-0 10. Bd3 dxc4 11. Nxc4 Bxc3+ 12. bxc3 Qg5 13. 0-0 Rd8 14. f4 Qh6 15. Rf3 g6 16. e4 b6 17. f5 exf5 18. exf5 g5 19. Re1 Qf8 20. Rg3 h6 21. Ne5 Qd6 22. h4 Nh5 23. Rg4 Nf6 24. Qb3 Rf8 25. Rg3 Nh5 26. Rge3 Nf4 27. Bc4 Nd5 28. hxg5 Bxf5 29. Rf3 Bg6 30. Nxc6 Nf4 31. gxh6 Qxc6 32. Rxf4 Rae8 33. Ref1 Re7 34. h7+ Kxh7 35. Bxf7 Bxf7 36. Rxf7+ Rexf7 37. Rxf7+ Rxf7 38. Qxf7+ Kh8 39. Qh5+ Kg8 40. Qg4+ Kh7 41. Qf3 Qc4 42. d5 Qxa2 43. Qd3+ Kg7 44. d6 Qa1+ 45. Kh2 Qe1 46. Qd4+ 1-0